ISO 900X, Marketing, Informatika rovná sa spokojený zákazník

Certifikácia produktu alebo firmy podľa ISO 900X - dôležitý prvok pri posudzovaní image a konkurencieschopnosti. Výsledky, ktoré zabezpečuje zavedenie ISO 9000. Funkcie nevyhnutné pre marketingový informačný systém. Odporúčaný postup pri realizácii pilotného projektu marketingového informačného syst...

Descripción completa

Guardado en:
Detalles Bibliográficos
Autor principal: Jelínek, J.
Formato: Capítulo de libro
Lenguaje:checo
Materias:
Etiquetas: Agregar Etiqueta
Sin Etiquetas, Sea el primero en etiquetar este registro!

MARC

LEADER 00000naa a2200000 4500
001 r021883
005 20230607095745.4
041 0 |a cze 
044 |a CZ 
245 1 0 |a ISO 900X, Marketing, Informatika rovná sa spokojený zákazník  |c J. Jelínek 
520 |a Certifikácia produktu alebo firmy podľa ISO 900X - dôležitý prvok pri posudzovaní image a konkurencieschopnosti. Výsledky, ktoré zabezpečuje zavedenie ISO 9000. Funkcie nevyhnutné pre marketingový informačný systém. Odporúčaný postup pri realizácii pilotného projektu marketingového informačného systému. 
610 2 0 |a Česko 
610 2 0 |a USA 
610 2 0 |a marketing 
610 2 0 |a informatika 
610 2 0 |a ISO 9000 
610 2 0 |a normy 
610 2 0 |a kvalita 
610 2 0 |a certifikácia 
610 2 0 |a systémy informačné 
100 1 |a Jelínek, J.